000 00491nam a2200181 i 4500
001 129144
003 ES-MaACL
005 20230906193439.0
007 t|
008 070607s1946 sp ||||1| spa d
080 _a86-4"19"
100 1 _aTemprano Azcona, Reinaldo.
_9109679
245 1 1 _a¡Alto humanidad! /
_cReinaldo Temprano Azcona.
250 _a4ª ed.
260 _aValladolid :
_bAstrea,
_c[1946]
300 _a200 p. :
_bil. ;
_c22 cm.
852 _aES-MaACL
_jE-9480
_bR.94303
999 _c129144
_d129144